Phenotypic plasticity of insects (Record no. 11781)

MARC details
000 -LEADER
fixed length control field 03858cam a2200337Ia 4500
001 - CONTROL NUMBER
control field SCP00NE0042PDF
003 - CONTROL NUMBER IDENTIFIER
control field BD-DhSAU
005 - DATE AND TIME OF LATEST TRANSACTION
control field 20151012144306.0
006 - FIXED-LENGTH DATA ELEMENTS--ADDITIONAL MATERIAL CHARACTERISTICS
fixed length control field m|||||o||d||||||||
007 - PHYSICAL DESCRIPTION FIXED FIELD--GENERAL INFORMATION
fixed length control field cr||||
008 - FIXED-LENGTH DATA ELEMENTS--GENERAL INFORMATION
fixed length control field 110413s2009 nhuadf sb 001 0 eng d
020 ## - INTERNATIONAL STANDARD BOOK NUMBER
International Standard Book Number 9781439842966 (ebook : PDF)
040 ## - CATALOGING SOURCE
Original cataloging agency BD-DhSAU
Transcribing agency BD-DhSAU
090 ## - LOCALLY ASSIGNED LC-TYPE CALL NUMBER (OCLC); LOCAL CALL NUMBER (OCLC)
Classification number (OCLC) (R) ; Classification number, CALL (RLIN) (NR) QL463
Local cutter number (OCLC) ; Book number/undivided call number, CALL (RLIN) .P48 2009
092 ## - LOCALLY ASSIGNED DEWEY CALL NUMBER (OCLC)
Classification number 595.7135
Item number P541
245 00 - TITLE STATEMENT
Title Phenotypic plasticity of insects
Medium [electronic resource] :
Remainder of title mechanisms and consequences /
Statement of responsibility, etc. editors, Douglas W. Whitman, T.N. Ananthakrishnan.
260 ## - PUBLICATION, DISTRIBUTION, ETC. (IMPRINT)
Place of publication, distribution, etc. Enfield, N.H. :
Name of publisher, distributor, etc. Science Publishers,
Date of publication, distribution, etc. c2009.
300 ## - PHYSICAL DESCRIPTION
Extent x, 894 p., [24] p. of col. plates :
Other physical details ill. (some col.).
504 ## - BIBLIOGRAPHY, ETC. NOTE
Bibliography, etc Includes bibliographical references and indexes.
505 0# - FORMATTED CONTENTS NOTE
Formatted contents note 1. What is phenotypic plasticity and why is it important? / Douglas W. Whitman and Anurag A. Agrawal -- 2. Phenotypic plasticity and the semantics of polyphenism : a historical review and current perspectives / Michael Canfield and Erick Greene -- 3. Phenotypic plasticity and the origins of diversity : a case study on horned beetles / Armin P. Moczek -- 4. Developmental flexibility, phenotypic plasticity, and host plants : a case study with Nemoria caterpillars / Erick Greene, Michael Canfield and Adam Ehmer -- 5. Phase polyphenism in locusts : mechanisms, population consequences, adaptive significance and evolution / Stephen J. Simpson and Gregory A. Sword -- 6. Density-dependent prophylaxis in insects / Kenneth Wilson and Sheena C. Cotter -- 7. Natural enemy-induced plasticity in plants and animals / Douglas W. Whitman and Leon Blaustein -- 8. Behavioral plasticity to risk of predation : oviposition site selection by a mosquito in response to its predators / Leon Blaustein and Douglas W. Whitman -- 9. Polyphenisms in Lepidoptera : multidisciplinary approaches to studies of evolution and development / P.M. Brakefield and W.A. Frankino -- 10. Causes and consequences of phenotypic plasticity in body size : the case of the yellow dung fly Scathophaga stercoraria (Diptera : Scathophagidae) / Wolf U. Blanckenhorn -- 11. She shapes events as they come : plasticity in female insect reproduction / Jason Hodin -- 12. Temperature dependence of development rate, growth rate and size : from biophysics to adaptation / Gerdien de Jong and Tom M. van der Have -- 13. The developmental-physiological basis of phenotypic plasticity / H. Frederik Nijhout and Goggy Davidowitz -- 14. Wing polymorphism in Gryllus (Orthoptera : Gryllidae) : proximate endocrine, energetic and biochemical mechanisms underlying morph specialization for flight vs. reproduction / Anthony J. Zera -- 15. Evolution of homeostatic physiological systems / H. Arthur Woods -- 16. Acclimation / Douglas W. Whitman -- 17. Heat shock proteins and their role in generating, maintaining and even preventing alternative insect phenotypes / Jason B. Williams, Stephen P. Roberts, and Michelle M. Elekonich -- 18. Learned host preferences / Andrew B. Barron -- 19. Adaptive maternal effects : a case study of egg size plasticity in a seed-feeding beetle / Charles W. Fox and Mary Ellen Czesak -- 20. On the origins of insect hormone signaling / Jason Hodin -- 21. Phenotypic plasticity and evolvability : an empirical test with experimental evolution / Henrique Teot�onio, Michael R. Rose, and Stephen R. Proulx.
530 ## - ADDITIONAL PHYSICAL FORM AVAILABLE NOTE
Additional physical form available note Also available in print edition.
538 ## - SYSTEM DETAILS NOTE
System details note Mode of access: World Wide Web.
650 #0 - SUBJECT ADDED ENTRY--TOPICAL TERM
Topical term or geographic name as entry element Insects.
650 #0 - SUBJECT ADDED ENTRY--TOPICAL TERM
Topical term or geographic name as entry element Phenotypic plasticity.
655 #7 - INDEX TERM--GENRE/FORM
Genre/form data or focus term Electronic books.
Source of term lcsh
700 1# - ADDED ENTRY--PERSONAL NAME
Personal name Whitman, Douglas
Fuller form of name (Douglas W.)
700 1# - ADDED ENTRY--PERSONAL NAME
Personal name Ananthakrishnan, T. N.,
Dates associated with a name 1925-
776 1# - ADDITIONAL PHYSICAL FORM ENTRY
International Standard Book Number 9781578084234
776 1# - ADDITIONAL PHYSICAL FORM ENTRY
International Standard Book Number 1578084237
856 40 - ELECTRONIC LOCATION AND ACCESS
Uniform Resource Identifier <a href="http://marc.crcnetbase.com/isbn/9781439842966">http://marc.crcnetbase.com/isbn/9781439842966</a>
Electronic format type application/PDF

No items available.